[Event "GCT Cote d Ivoire Rapid 2019"]
[Site "Abidjan"]
[Date "2019.05.09"]
[Round "6.4"]
[White "Nepomniachtchi, Ian"]
[Black "Wei, Yi"]
[Result "1/2-1/2"]
[WhiteElo "2776"]
[BlackElo "2737"]
[Annotator "TA"]
[PlyCount "88"]
[EventDate "2019.05.05"]
[EventType "tourn"]
[SourceTitle "playchess.com"]
[Source "ChessBase"]
[SourceQuality "1"]

{[%evp 9,88,23,12,8,21,0,0,0,0,-4,4,-8,10,5,15,-9,-8,-7,-13,-13,-8,-15,-16,-10,-12,-10,0,-19,-14,-27,-7,-38,-8,-29,-29,-27,-29,-22,-22,-52,-41,-72,-69,-72,-65,-97,-97,-98,-102,-100,-100,-106,-106,-107,-107,-107,0,0,0,-39,-35,-44,-48,-39,-16,-14,-14,-25,0,0,0,0,0,0,0,0,0,0,0,0,0]} 1. e4 e5 2. Nf3 Nf6 3. Nxe5 d6 4. Nd3 Nxe4 5. Qe2 Qe7 6. Nf4 {Black must now prevent Nd5. C42: Petroff Defence: 3 Nxe5 and unusual White 3rd moves} Nc6 7. c3 Nf6 $146 ({Predecessor:} 7... Nc5 8. d4 Qxe2+ 9. Bxe2 Ne6 10. d5 Nxf4 11. Bxf4 Ne5 {1-0 (37) Nepomniachtchi,I (2763)-Vidit,S (2695) Wijk aan Zee 2019}) 8. h4 h5 9. d4 g6 10. Na3 a6 11. Nc4 Bg7 12. f3 (12. Ne3 {seems wilder.} O-O 13. Qf3 Qd8 14. Bd3 Ne7 15. O-O) 12... O-O 13. Qxe7 Nxe7 14. Kf2 b5 15. Ne3 c5 16. dxc5 dxc5 17. a4 Bd7 18. Bd2 Rfd8 19. Be2 Bc6 20. Rhd1 c4 21. Be1 Bh6 22. g3 Bxf4 23. gxf4 Nfd5 24. axb5 axb5 25. Rxa8 Rxa8 26. Nxd5 Nxd5 27. f5 gxf5 28. Bd2 f4 29. Rg1+ Kh8 30. Rb1 Ra2 31. Bd1 Bd7 32. Bc2 b4 ({Black should try} 32... f5 $17 33. Bd1 Kg8) 33. cxb4 $11 {Black should prevent Be4.} c3 34. Be1 Bb5 35. Kg1 cxb2 {aiming for ...Ra1.} 36. Kf2 $1 Bc4 {[#] ...Ne3 is the strong threat.} 37. b5 $1 {[%mdl 512]} Kg8 (37... Bxb5 38. Bb3) 38. Be4 Nb6 39. Bc3 {Threatens to win with Bd4.The position is equal.} Na4 {[#]} 40. b6 $1 {[%mdl 512]} Nxb6 ({Wrong is} 40... Nxc3 $2 {[#]} 41. b7 $1 $18 {[%mdl 512]}) 41. Rxb2 Rxb2+ 42. Bxb2 Bd5 43. Bd3 Bc4 44. Be4 Bd5 {Accuracy: White = 64%, Black = 63%.} 1/2-1/2

[Event "GCT Cote d Ivoire Rapid 2019"]
[Site "Abidjan"]
[Date "2019.05.09"]
[Round "6.5"]
[White "Karjakin, Sergey"]
[Black "Amin, Bassem"]
[Result "1/2-1/2"]
[WhiteElo "2773"]
[BlackElo "2683"]
[Annotator "ChessBase"]
[PlyCount "99"]
[EventDate "2019.05.05"]
[EventType "tourn"]
[SourceTitle "playchess.com"]
[Source "ChessBase"]
[SourceQuality "1"]
[TimeMode "Bronstein"]
[TimeControl "1500+10"]

1. e4 {[%emt 0:00:00]} e5 {[%emt 0:00:00]} 2. Nf3 {[%emt 0:00:00]} Nc6 {[%emt 0:00:00]} 3. Bb5 {[%emt 0:00:00]} a6 {[%emt 0:00:00]} 4. Ba4 {[%emt 0:00:00]} Nf6 {[%emt 0:00:00]} 5. O-O {[%emt 0:00:00]} Be7 {[%emt 0:00:00]} 6. d3 {[%emt 0:00:00]} d6 {[%emt 0:00:02]} 7. c3 {[%emt 0:00:00]} O-O {[%emt 0:00:02]} 8. Re1 {[%emt 0:00:00]} Re8 {[%emt 0:00:02]} 9. h3 {[%emt 0:00:00]} b5 {[%emt 0:00:39]} 10. Bc2 {[%emt 0:00:00]} Bb7 {[%emt 0:00:36]} 11. Nbd2 {[%emt 0:00:31]} Bf8 {[%emt 0:00:13]} 12. d4 {[%emt 0:00:12]} Nb8 {[%emt 0:00:10]} 13. a4 {[%emt 0:00:29]} Nbd7 {[%emt 0:00:10]} 14. Bd3 {[%emt 0:00:10]} c6 {[%emt 0:00:27]} 15. b3 {[%emt 0:00:26]} Qc7 {[%emt 0:00:15]} 16. Bb2 {[%emt 0:00:46]} g6 {[%emt 0:00:10]} 17. Qc2 {[%emt 0:00:52]} Nh5 {[%emt 0:00:34]} 18. Bf1 {[%emt 0:00:13]} Nf4 {[%emt 0:00:10]} 19. b4 {[%emt 0:01:22]} Nb6 {[%emt 0:00:48]} 20. axb5 {[%emt 0:01:32]} cxb5 {[%emt 0:00:33]} 21. Qb3 {[%emt 0:01:48]} Rac8 {[%emt 0:01:07]} 22. Rac1 {[%emt 0:01:45]} Nc4 {[%emt 0:00:52]} 23. g3 {[%emt 0:00:47]} Ne6 {[%emt 0:01:28]} 24. dxe5 {[%emt 0:01:29]} Nxd2 {[%emt 0:00:38]} 25. Nxd2 {[%emt 0:00:10]} dxe5 {[%emt 0:00:10]} 26. c4 {[%emt 0:00:45]} Qd6 {[%emt 0:01:46]} 27. Bc3 {[%emt 0:00:10]} Nd4 {[%emt 0:00:10]} 28. Bxd4 {[%emt 0:00:11]} Qxd4 {[%emt 0:02:04]} 29. Nf3 {[%emt 0:00:10]} Qd7 {[%emt 0:00:19]} 30. h4 {[%emt 0:01:47]} Bh6 {[%emt 0:03:08]} 31. Rc3 {[%emt 0:00:11]} bxc4 {[%emt 0:03:46]} 32. Bxc4 {[%emt 0:00:10]} Qe7 {[%emt 0:00:10]} 33. Rd3 {[%emt 0:02:54]} Red8 {[%emt 0:01:30]} 34. Bd5 {[%emt 0:00:10]} Bxd5 {[%emt 0:01:22]} 35. Rxd5 {[%emt 0:01:17]} Rxd5 {[%emt 0:00:10]} 36. exd5 {[%emt 0:00:10]} e4 {[%emt 0:00:18]} 37. d6 {[%emt 0:01:13]} Qxd6 {[%emt 0:01:38]} 38. Rxe4 {[%emt 0:00:10]} Qf6 {[%emt 0:00:19]} 39. Kg2 {[%emt 0:00:26]} Rc3 {[%emt 0:00:57]} 40. Re8+ {[%emt 0:00:15]} Bf8 {[%emt 0:00:20]} 41. Qd5 {[%emt 0:00:39]} Qc6 {[%emt 0:00:12]} 42. Qxc6 {[%emt 0:00:16]} Rxc6 {[%emt 0:00:10]} 43. Ne5 {[%emt 0:00:33]} Rd6 {[%emt 0:00:10]} 44. Rb8 {[%emt 0:00:17]} Rd5 {[%emt 0:00:15]} 45. Nc6 {[%emt 0:00:43]} Kg7 {[%emt 0:00:29]} 46. Kf3 {[%emt 0:00:22]} Rd6 {[%emt 0:00:17]} 47. Na5 Rd4 {[%emt 0:00:19]} 48. Nc6 {[%emt 0:00:28]} Rd6 {[%emt 0:00:10]} 49. Na5 {[%emt 0:00:16]} Rd4 {[%emt 0:00:10]} 50. Nc6 {[%emt 0:00:10]} 1/2-1/2

[Event "GCT Cote d Ivoire Rapid 2019"]
[Site "Abidjan"]
[Date "2019.05.10"]
[Round "7.1"]
[White "Amin, Bassem"]
[Black "Carlsen, Magnus"]
[Result "0-1"]
[WhiteElo "2683"]
[BlackElo "2867"]
[Annotator "TA"]
[PlyCount "56"]
[EventDate "2019.05.05"]
[EventType "tourn"]
[SourceTitle "playchess.com"]
[Source "ChessBase"]
[SourceQuality "1"]

{[%evp 13,64,21,31,30,27,0,37,24,27,5,14,-52,-58,-97,-106,-189,-199,-191,-189,-202,-208,-288,-288,-309,-293,-286,-283,-313,-318,-322,-251,-264,-264,-263,-267,-260,-242,-380,-377,-431,-431,-431,-431,-431,-291,-551,-551,-529,-518,-558,-593,-580,-581]} 1. e4 c5 2. Nf3 Nc6 3. Bb5 g6 4. Bxc6 dxc6 5. d3 Bg7 6. h3 e5 7. Be3 b6 8. a3 {B31: Sicilian: 2...Nc6 3 Bb5 g6} f5 $146 ({Predecessor:} 8... a5 9. Qd2 f6 10. Qc3 Ne7 11. Nbd2 O-O 12. Nc4 Be6 13. O-O a4 14. b4 axb3 15. cxb3 Nd5 16. exd5 cxd5 17. Nxb6 Qxb6 18. Bxc5 {1-0 (31) Zhang,Z (2582)-Zhao,Z (2583) Khanty-Mansiysk 2010}) 9. b4 cxb4 10. axb4 {White is slightly better.} Nh6 11. Na3 Nf7 12. Qc1 (12. Nc4 $11 Be6 13. Qe2) 12... O-O $15 13. Ng5 Nd6 {Hoping for ...f4.} 14. Bd2 (14. h4 $17) 14... h6 $19 15. Nf3 fxe4 16. dxe4 Kh7 ({Much less strong is} 16... Nxe4 17. Bxh6 Nxf2 18. Bxg7 $17) 17. Be3 Nxe4 18. Nc4 {Nxb6! would now be nice for White.} Be6 19. Ncxe5 {intending 0-0.} Qd6 {[%mdl 64] Double Attack} 20. Nd3 Bc3+ 21. Ke2 Bxa1 22. Qxa1 a5 {[%cal Ba7a5,Ba5b4,Bb4b3][%mdl 32]} 23. Qe5 Qxe5 24. Nfxe5 axb4 25. Nxc6 (25. Bxb6 {was necessary.} b3 26. Ke3) 25... b3 26. Rc1 Bc4 27. Bd4 Rae8 28. Nce5 {[#]} Nc5 {Played: Ne4xf2} 0-1

[Event "GCT Cote d Ivoire Rapid 2019"]
[Site "Abidjan"]
[Date "2019.05.10"]
[Round "7.2"]
[White "Topalov, Veselin"]
[Black "Vachier-Lagrave, Maxime"]
[Result "0-1"]
[WhiteElo "2736"]
[BlackElo "2792"]
[Annotator "TA"]
[PlyCount "58"]
[EventDate "2019.05.05"]
[EventType "tourn"]
[SourceTitle "playchess.com"]
[Source "ChessBase"]
[SourceQuality "1"]

{[%evp 19,58,24,28,23,20,23,26,20,37,22,29,30,33,0,0,0,0,10,7,0,0,-24,-32,-89,-86,-90,-64,-47,-43,-66,-67,-101,-97,-497,-243,-200,-196,-168,-168,-1775,-1677]} 1. e4 c5 2. Nf3 d6 3. d4 cxd4 4. Nxd4 Nf6 5. Nc3 a6 6. Be3 Ng4 7. Bg5 h6 8. Bh4 g5 9. Bg3 Bg7 10. h3 Ne5 11. f3 {B90: Sicilian Najdorf: Unusual White 6th moves, 6 Be3 Ng4 and 6 Be3 e5} (11. Nf5 Bxf5 12. exf5 Nbc6 13. Nd5 e6 14. fxe6 fxe6 15. Ne3 Qa5+ 16. c3 Nf3+ 17. Qxf3 Bxc3+ 18. Kd1 Qa4+ 19. Nc2 Bxb2 {½-½ (60) Nakamura,H (2785)-Grischuk,A (2742) Sharjah 2017}) 11... Nbc6 {And now ...Nxd4 would win.} 12. Bf2 Nxd4 13. Bxd4 {White has an edge.} Be6 14. Qd2 Qa5 15. a3 Rc8 16. Qf2 Rc6 $1 17. h4 O-O 18. hxg5 hxg5 19. Be2 $146 Rfc8 {[%cal Rc6c3]} 20. Rh5 Ng6 {[%cal Rc6c3]} 21. Bxg7 (21. Rh1 $15) 21... Kxg7 $17 22. Qd4+ {[#]} f6 $1 23. g3 Bc4 24. f4 {fxg5 is the strong threat.} e5 25. fxe5 Nxe5 26. Rd1 $2 {[%mdl 8192]} (26. g4 $17 {was the crucial defense.}) 26... Bxe2 (26... Rb6 $142 27. b4 Qxa3 28. Qxb6 Qxc3+ {[%mdl 64] Double Attack} 29. Rd2 Bxe2 30. Kxe2 {[#]} Qxd2+ $1 {[%mdl 576] Decoy} 31. Kxd2 Nc4+ {[%mdl 64] Double Attack} 32. Kd3 Nxb6) 27. Kxe2 $19 {White wants to play Rdh1.} Rxc3 $1 28. bxc3 Rxc3 29. Rd2 $2 (29. a4) 29... Qb5+ {Accuracy: White = 26%, Black = 81%.} 0-1

[Event "GCT Cote d Ivoire Rapid 2019"]
[Site "Abidjan"]
[Date "2019.05.10"]
[Round "7.3"]
[White "Wei, Yi"]
[Black "Nakamura, Hikaru"]
[Result "1/2-1/2"]
[WhiteElo "2737"]
[BlackElo "2805"]
[Annotator "TA"]
[PlyCount "81"]
[EventDate "2019.05.05"]
[EventType "tourn"]
[SourceTitle "playchess.com"]
[Source "ChessBase"]
[SourceQuality "1"]

{[%evp 20,81,0,0,21,0,0,-7,22,0,12,11,15,5,5,0,6,0,7,6,7,-12,15,16,23,18,41,0,0,0,329,329,327,329,316,313,268,0,0,0,0,0,0,0,0,0,0,0,0,0,0,0,0,0,0,0,0,0,0,0,0,0,0,0]} 1. Nf3 d5 2. e3 Nf6 3. c4 e6 4. Nc3 Be7 5. b3 dxc4 6. bxc4 c5 7. g3 b6 8. Bg2 Bb7 9. O-O O-O 10. Bb2 Nc6 11. Qe2 Qd7 {A14: English Opening: 1...e6 with b3 by White} 12. Rad1 Rad8 13. d4 $146 ({Predecessor:} 13. Ne1 Na5 14. Bxb7 Qxb7 15. d3 Ne8 16. f4 Nd6 17. a4 f5 18. Nb5 Ne8 19. Nf3 {½-½ (67) Malakhov,V (2679)-Dizdar,G (2543) Dresden 2007}) 13... cxd4 14. exd4 Na5 15. d5 Qc8 16. Ne5 exd5 $1 17. Nxd5 Nxd5 18. Bxd5 Bxd5 19. cxd5 Bf6 20. f4 Rfe8 21. Qh5 $36 {[%mdl 2048] White is pushing.} Qb7 22. d6 Re6 23. Rfe1 {aiming for f5.} (23. d7 $5 {[%cal Rh5f7]} Bxe5 24. fxe5 $11 (24. Bxe5 f6 $11)) 23... g6 24. Qh3 {Black must now prevent f5.} Rexd6 $2 {[%mdl 8192]} (24... Bg7 $11 {and Black has nothing to worry.}) 25. Rxd6 $18 Rxd6 26. Ng4 $1 {Intending Re8+ and mate.} Be7 {With the idea ...h5.} 27. Qh6 $1 {[%csl Gb2][%cal Rh6g7]} f6 {[#]} 28. Bxf6 $2 (28. f5 $1 $18 {[%mdl 512] Threatening mate with Bxf6!} Bf8 {[#]} (28... gxf5 29. Bxf6) 29. Re8 $1 {[%mdl 512]}) 28... Bf8 $11 {The position is equal.} 29. Re8 {[%csl Gh6][%cal Re8f8]} Rd1+ 30. Kf2 {[%csl Gh6][%cal Re8f8]} Rd2+ {[%mdl 64] Double Attack} 31. Ke1 {[%csl Gh6][%cal Re8f8]} Rd1+ $1 32. Ke2 {[%csl Gh6][%cal Re8f8]} Rd2+ {[%mdl 64] Double Attack} 33. Ke1 {[%csl Gh6][%cal Re8f8]} Rd1+ $1 {[%mdl 64] Decoy} 34. Kxd1 {[%csl Gh6][%cal Re8f8]} Qd7+ {[%mdl 64] Double Attack} 35. Bd4 $1 Qxd4+ 36. Ke1 {[%csl Gh6][%cal Re8f8]} Qc3+ 37. Kf2 {[%csl Gh6][%cal Re8f8]} Qc2+ 38. Kf1 {[%csl Gh6][%cal Re8f8]} Qc1+ 39. Kf2 {[%csl Gh6][%cal Re8f8]} Qc2+ 40. Kf1 {[%csl Gh6][%cal Re8f8]} Qc1+ 41. Kf2 {Accuracy: White = 48%, Black = 76%.} 1/2-1/2

[Event "GCT Cote d Ivoire Rapid 2019"]
[Site "Abidjan"]
[Date "2019.05.10"]
[Round "7.4"]
[White "Ding, Liren"]
[Black "Karjakin, Sergey"]
[Result "1-0"]
[WhiteElo "2786"]
[BlackElo "2773"]
[Annotator "TA"]
[PlyCount "63"]
[EventDate "2019.05.05"]
[EventType "tourn"]
[SourceTitle "playchess.com"]
[Source "ChessBase"]
[SourceQuality "1"]

{[%evp 18,63,12,14,17,0,0,0,0,0,6,7,0,0,0,0,0,14,0,-22,6,4,16,-28,-30,-27,6,-10,15,12,22,18,36,24,28,39,343,328,334,344,362,233,318,347,809,761,822,775]} 1. d4 Nf6 2. c4 e6 3. g3 Bb4+ 4. Bd2 Be7 5. Bg2 d5 6. Nf3 O-O 7. O-O Nbd7 ({Predecessor:} 7... c6 8. Qc2 b6 9. Bf4 Ba6 10. Nbd2 Nbd7 {½-½ (13) Lalic,B (2490)-Rowson,J (2599) Birmingham 2005}) 8. Qc2 c6 9. Rd1 b6 10. Bf4 Ba6 {E08: Closed Catalan: Main Line: 7 Qc2} 11. Nbd2 $146 (11. cxd5 cxd5 12. Ne5 Nxe5 13. dxe5 Ng4 14. h3 g5 15. Bxg5 Nxe5 16. Bxe7 Qxe7 17. e4 dxe4 18. Qxe4 {½-½ (32) Yu,Y (2751)-Ding,L (2809) Shenzhen 2019}) 11... Nh5 12. Be3 Bd6 {The position is equal.} 13. Rac1 Qe7 14. Bg5 f6 $1 {[%cal Rf6g5]} 15. Be3 Rfc8 16. Qa4 Bb7 17. cxd5 exd5 18. Ne1 g6 19. Nd3 Ng7 20. Bh3 Ne6 21. Nf3 a5 22. Bh6 Rc7 23. e3 Re8 {White should prevent ...g5.} 24. Nf4 Nxf4 25. exf4 Qf7 26. Re1 Rcc8 $2 {[%mdl 8192] [#]} (26... Rxe1+ $14 27. Rxe1 Nf8) 27. Rxe8+ $1 $18 Qxe8 28. Re1 Qd8 29. Be6+ Kh8 30. f5 Bb4 $2 {[#]} (30... g5 31. h4 g4) 31. fxg6 $1 {[%mdl 512]} hxg6 {[#]} 32. Qc2 $1 {[%mdl 512] Accuracy: White = 79%, Black = 43%.} 1-0

[Event "GCT Cote d Ivoire Rapid 2019"]
[Site "Abidjan"]
[Date "2019.05.10"]
[Round "7.5"]
[White "So, Wesley"]
[Black "Nepomniachtchi, Ian"]
[Result "1-0"]
[WhiteElo "2772"]
[BlackElo "2776"]
[Annotator "TA"]
[PlyCount "69"]
[EventDate "2019.05.05"]
[EventType "tourn"]
[SourceTitle "playchess.com"]
[Source "ChessBase"]
[SourceQuality "1"]

{[%evp 12,69,32,31,38,35,34,28,39,32,31,33,44,0,0,0,0,-10,0,0,19,10,28,22,23,17,18,33,159,159,152,168,174,161,233,231,243,242,210,132,112,67,69,69,69,69,69,65,137,123,408,249,240,233,635,632,1152,1153,1009,1001]} 1. e4 e5 2. Nf3 Nc6 3. Bc4 Nf6 4. d3 Be7 5. O-O O-O 6. h3 d6 7. a4 a5 {C55: Two Knights: 4 d3, 4 d4 exd4 5 e5 and Max Lange Attack} 8. Re1 (8. Nbd2 Nd7 9. Re1 Nb6 10. Bb3 Kh8 11. c3 f5 12. exf5 Bxf5 13. Nf1 Bg6 14. Ng3 Bf6 15. Ne4 {½-½ (41) Radjabov,T (2756)-Carlsen,M (2845) Shamkir 2019}) 8... Be6 9. Nbd2 Qc8 $146 {White has an edge.} ({Predecessor:} 9... Nd7 10. c3 Bf6 11. Nf1 Nc5 12. Bxe6 Nxe6 13. Ne3 g6 14. Nd5 Bg7 15. Be3 {½-½ (38) Baciu,D (2153)-Mohota,N (2332) Khanty-Mansiysk 2010}) 10. c3 h6 11. b3 Re8 12. Bxe6 Qxe6 13. Nc4 Bf8 14. Ba3 Rad8 15. Qc2 g6 16. Rad1 Bg7 17. b4 axb4 18. cxb4 Ra8 19. b5 Na5 (19... Nd4 $14 20. Nxd4 exd4) 20. Nxa5 $16 Rxa5 21. Qxc7 Rxa4 22. Bxd6 Nd7 (22... Rea8 $142) 23. Ra1 $18 Rea8 24. Rxa4 Rxa4 25. b6 Kh7 26. Bc5 (26. Rc1 {with more complications.} Ra6 27. Rb1 Ra2 28. Bb4 Ra6 29. Bd2) 26... Nxc5 27. Qxc5 Ra6 28. Rb1 Qa2 $1 {[%cal Ra2b1]} 29. Qb5 Ra3 (29... Ra5 $14 30. Qb2 Qxb2 31. Rxb2 Bf6) 30. Rc1 $16 {aiming for Rc7.} Qe2 $2 {[%mdl 8192] [#]} (30... Qe6 $16 {was worth a try.}) 31. Qd5 Ra2 32. Rf1 Rb2 $2 (32... Qb2 33. Qxf7 Ra6) 33. Qxf7 $18 {White is clearly winning.} Qxd3 34. Nxe5 $1 {[%mdl 64] [#] Double Attack} Qxe4 35. Nd7 {Accuracy: White = 60%, Black = 35%.} 1-0

[Event "GCT Cote d Ivoire Rapid 2019"]
[Site "Abidjan"]
[Date "2019.05.10"]
[Round "8.1"]
[White "Nakamura, Hikaru"]
[Black "So, Wesley"]
[Result "1/2-1/2"]
[WhiteElo "2805"]
[BlackElo "2772"]
[Annotator "TA"]
[PlyCount "117"]
[EventDate "2019.05.05"]
[EventType "tourn"]
[SourceTitle "playchess.com"]
[Source "ChessBase"]
[SourceQuality "1"]

{[%evp 9,117,7,13,6,6,12,10,14,12,0,14,12,10,7,8,6,11,10,15,12,12,7,11,0,5,0,0,0,0,0,8,0,10,0,11,11,11,11,11,11,11,11,25,25,25,13,13,13,19,7,9,7,14,20,30,30,66,66,66,62,60,33,56,0,60,28,36,19,19,8,48,8,8,8,13,8,79,8,8,8,8,8,8,8,8,8,8,8,8,8,8,8,8,8,8,8,43,8,8,0,0,0,0,0,0,-8,0,0,0,-8]} 1. e4 e5 2. Nf3 Nc6 3. Bb5 Nf6 4. d3 Bc5 5. O-O Nd4 6. Be3 {C65: Ruy Lopez: Berlin Defence (3...Nf6), unusual lines and 4 0-0 Bc5} (6. Nxd4 Bxd4 7. c3 Bb6 8. Ba4 O-O 9. Bg5 h6 10. Bh4 d6 11. Nd2 g5 12. Bg3 Bg4 13. Qe1 Nh5 14. Bd1 Bxd1 15. Qxd1 Nxg3 16. hxg3 {½-½ (47) Caruana,F (2828)-Robson,R (2667) chess.com INT 2019}) 6... Nxf3+ 7. Qxf3 Bxe3 8. Qxe3 O-O 9. d4 d6 $146 ({Predecessor:} 9... exd4 10. Qxd4 d5 11. e5 Nd7 12. Bxd7 Qxd7 13. f4 f6 14. Re1 {½-½ (14) Janisch,M (2399)-Auzins,M (2400) ICCF email 2016}) 10. Be2 c6 11. dxe5 dxe5 12. Nd2 Be6 13. a4 Qb6 14. Qxb6 axb6 15. Rfd1 Rfd8 16. b3 Kf8 17. Rac1 Ke7 18. f3 Ne8 19. Kf2 Nc7 20. Nf1 g6 21. Ne3 Rxd1 22. Rxd1 Ne8 23. g3 Nd6 24. Bd3 Rf8 25. Re1 f5 26. exf5 gxf5 27. f4 exf4 28. gxf4 Kf6 29. Rg1 Bf7 30. Nf1 Re8 31. Ng3 c5 32. Rd1 h6 33. Be2 Rd8 34. Bf3 Be8 35. Rd5 {aiming for Nxf5!} Bf7 36. Rd1 Be8 $1 37. h4 Bc6 38. Bxc6 bxc6 $14 {[%mdl 4096] Endgame KRN-KRN} 39. Kf3 Nb7 40. Rxd8 (40. Rg1 {is interesting.} Nd6 41. Nh5+ Ke7 42. Ke2 Ne8 43. Ng7) 40... Nxd8 {KN-KN} 41. Nf1 Nb7 42. Ne3 {[#] Threatens to win with Nc4.} Na5 (42... b5 $11 {keeps the balance.}) 43. h5 (43. c3 $16) 43... Ke6 $11 44. Ke2 b5 $1 45. Kd3 Nb7 $1 46. Kc3 Kf6 47. Kb2 Ke6 48. Ka3 Kf6 49. Ka2 Ke6 50. Kb2 Kf6 51. Kc1 Ke6 52. Kd2 Kf6 53. Nd1 Ke6 {The position is equal.} 54. Nc3 Nd6 55. Kd3 Kd7 56. Ke3 Kc7 57. Kd3 Kd7 58. Ke3 Kc7 59. Kd3 {Accuracy: White = 61%, Black = 69%.} 1/2-1/2

[Event "GCT Cote d Ivoire Rapid 2019"]
[Site "Abidjan"]
[Date "2019.05.10"]
[Round "8.2"]
[White "Carlsen, Magnus"]
[Black "Ding, Liren"]
[Result "1/2-1/2"]
[WhiteElo "2867"]
[BlackElo "2786"]
[Annotator "TA"]
[PlyCount "98"]
[EventDate "2019.05.05"]
[EventType "tourn"]
[SourceTitle "playchess.com"]
[Source "ChessBase"]
[SourceQuality "1"]

{[%evp 20,98,23,0,0,0,20,17,17,19,22,7,25,22,30,31,34,28,41,20,21,28,29,23,28,22,24,22,44,38,41,29,30,8,9,9,8,10,16,8,8,8,9,3,22,2,2,2,2,2,2,2,2,2,2,2,2,2,2,2,8,2,2,2,2,0,2,2,2,0,0,0,0,0,0,0,0,0,0,0,0]} 1. d4 Nf6 2. c4 e6 3. Nf3 d5 4. Nc3 c5 5. cxd5 Nxd5 6. e4 Nxc3 7. bxc3 cxd4 8. cxd4 Bb4+ 9. Bd2 Bxd2+ 10. Qxd2 O-O 11. Bd3 Nc6 {D41: Queen's Gambit Declined: Semi-Tarrasch with 5 cxd5} 12. Bc2 Qa5 (12... b6 13. O-O Bb7 14. d5 Na5 15. dxe6 fxe6 16. Qe2 Rc8 17. Rad1 Qc7 18. Nd4 Qe5 19. Rfe1 {½-½ (37) Wojtaszek,R (2737)-Kramnik,V (2794) Antalya 2017}) 13. Qxa5 Nxa5 14. Bd3 Bd7 {[#]} 15. Ke2 $146 ({Predecessor:} 15. Kd2 Rfc8 16. Ne5 Ba4 {1-0 (41) Adams,M (2615)-Emms,J (2425) London 1991}) 15... Rac8 16. Rhc1 Rxc1 17. Rxc1 Rc8 18. Rxc8+ Bxc8 $14 {[%mdl 4096] Endgame KBN-KBN} 19. Kd2 Kf8 20. Kc3 Bd7 21. Ne5 Be8 22. f4 Ke7 23. Ng4 Nc6 24. Ne3 f6 25. d5 Nd8 26. e5 fxe5 {The position is equal.} 27. fxe5 exd5 28. Nxd5+ Kf8 $1 29. Nc7 Bf7 30. a3 Ke7 31. Be4 Bg6 32. Bf3 Kd7 33. Nb5 $1 Nc6 34. Bd5 a6 35. Nd4 Nxd4 36. Kxd4 $11 {KB-KB} b6 $1 37. Bc4 a5 $1 38. Bb5+ Ke6 $1 39. Bc6 Bh5 40. h4 h6 41. g3 Bd1 42. Bd5+ Ke7 43. Bc4 Ba4 44. Kd5 b5 45. Bd3 b4 46. axb4 axb4 47. Kc4 Ke6 48. Kxb4 Be8 49. Kc3 Kxe5 {Accuracy: White = 62%, Black = 84%.} 1/2-1/2

[Event "GCT Cote d Ivoire Rapid 2019"]
[Site "Abidjan"]
[Date "2019.05.10"]
[Round "8.3"]
[White "Vachier-Lagrave, Maxime"]
[Black "Nepomniachtchi, Ian"]
[Result "1-0"]
[WhiteElo "2792"]
[BlackElo "2776"]
[Annotator "TA"]
[PlyCount "77"]
[EventDate "2019.05.05"]
[EventType "tourn"]
[SourceTitle "playchess.com"]
[Source "ChessBase"]
[SourceQuality "1"]

{[%evp 12,77,29,33,44,23,47,43,38,37,56,51,57,51,72,67,75,66,72,41,37,40,59,59,41,16,95,40,32,36,52,46,30,21,56,0,10,-14,-19,-18,-9,-20,-16,-23,-23,-34,0,-12,31,-48,94,82,241,252,242,235,635,636,614,612,598,575,589,579,29992,29993,29993,5393]} 1. e4 e5 2. Nf3 Nc6 3. Bc4 Nf6 4. d3 Be7 5. O-O O-O 6. Re1 d6 7. a4 a5 {C55: Two Knights: 4 d3, 4 d4 exd4 5 e5 and Max Lange Attack} (7... Na5 8. Ba2 c5 9. c3 Nc6 10. Nbd2 h6 11. Nf1 Re8 12. h3 Bf8 13. Ne3 Be6 14. Bxe6 Rxe6 15. Nd5 Re8 16. Nxf6+ Qxf6 {½-½ (30) Jakovenko,D (2719)-Yu,Y (2751) Shenzhen 2019}) 8. Nbd2 Nd7 9. Nf1 Nb6 {White is slightly better.} 10. Bb3 Bg4 $146 ({Predecessor:} 10... Bf6 11. c3 g6 12. h3 Bg7 13. d4 h6 14. Be3 exd4 15. Nxd4 {½-½ (38) Delchev,A (2628)-Tisdall,J (2448) Fuegen 2006}) 11. c3 Kh8 12. Ne3 Bh5 13. g4 Bg6 14. Nf5 Nd7 15. d4 exd4 16. cxd4 Nb4 17. Bf4 Nf6 18. h3 d5 (18... Bxf5 $11 19. exf5 (19. gxf5 d5 $11) 19... d5) 19. Nxe7 (19. Rc1 $16 dxe4 20. Bxc7 (20. Nxe7 Qxe7 21. Rxc7 Qd8 $14)) 19... Qxe7 $14 20. exd5 Qd8 21. Ne5 Nfxd5 22. Bg3 Ra6 23. Rc1 f5 24. Rc5 f4 25. Bh2 Rd6 26. Qf3 b6 27. Rcc1 Be8 28. Re2 Ne7 {With the idea ...Nec6.} 29. Re4 (29. Bxf4 $2 Rdf6 $19) 29... Rxd4 (29... g5 {feels hotter.} 30. h4 Ned5 31. hxg5 Qxg5 32. Kh1 c6) 30. Bxf4 (30. Rxf4 $14 Rdxf4 31. Bxf4) 30... Ng6 (30... c5 $15 {keeps the upper hand.} 31. Rc4 Rxc4 32. Bxc4 Nbc6) 31. Nxg6+ Bxg6 $2 (31... hxg6 $16 32. Rd1 (32. Rxc7 Rd3 $11) 32... Rxd1+ 33. Qxd1 Qxd1+ 34. Bxd1 Bc6) 32. Rxd4 $18 {[%mdl 64] Overworked Piece} Qxd4 33. Rxc7 $40 {[%mdl 128] White wants to mate with Be5! White wants a kill.} h6 $2 {[#]} (33... Re8 34. Qc3 Qxc3 35. Rxc3 (35. bxc3 Na6 $18) 35... Be4) 34. Be5 $1 {[%mdl 576] Discovered Attack} Rxf3 (34... Qxe5 35. Qxf8+) 35. Rc8+ ({Stronger than} 35. Bxd4 Rxb3 36. Rc8+ Kh7 $11) 35... Kh7 36. Bg8+ ({Inferior is} 36. Bxd4 Rxb3 37. Rc7 Bd3 $11) 36... Kh8 37. Bxd4 {Black must now prevent Bd5+.} Rxh3 38. Be6+ Kh7 39. Rc7 {Accuracy: White = 51%, Black = 37%.} (39. Rg8 $142 h5 40. g5 Rg3+ 41. fxg3 Bf7 42. Bxf7 Nd5 43. Rxg7+ Kh8 44. Bxd5 h4 45. Re7#) 1-0